| 000 | 00756nam a2200205Ii 4500 | ||
|---|---|---|---|
| 003 | JO-AjNU | ||
| 008 | 230605s9999||||xx |||||||||||||| ||und|| | ||
| 040 |
_aJO-AjNU _bara _erda _cJO-AjNU |
||
| 041 | _aara | ||
| 050 | 1 | 4 | _aPJ7805.8.U2.A17 1990 |
| 100 | 3 |
_aجمع وشرح ودراسة نور الدين،حسن محمد, _eauthor _97894 |
|
| 245 | 0 | 0 | _aديوان عدي بن الرقاع العاملي شاعر أهل الشام 95هـ - 714م |
| 250 | _aط1 | ||
| 264 | 3 | 1 | _aبيروت:دار الكتب العلمية،1990 |
| 300 |
_a163ص _bفهرس:ص(149-161) |
||
| 336 |
_atext _btxt _2rdacontent |
||
| 337 |
_aunmediated _bn _2rdamedia |
||
| 338 |
_avolume _bnc _2rdacarrier |
||
| 650 | 4 |
_a العصر الاموي - الشعر العربي _97895 |
|
| 999 |
_aA510 _c4078 _d4078 |
||